Thérèse Raquin
Պահպանված է:
| Հիմնական հեղինակ: | |
|---|---|
| Ձևաչափ: | Գիրք |
| Լեզու: | իսպաներեն |
| Հրապարակվել է: |
La Habana
Arte y Literatura
1974
|
| Հրատարակություն: | 2a. ed |
| Խորագրեր: | |
| Ցուցիչներ: |
Ավելացրեք ցուցիչ
Չկան պիտակներ, Եղեք առաջինը, ով նշում է այս գրառումը!
|
MARC
| LEADER | 00000nam a2200000 a 4500 | ||
|---|---|---|---|
| 001 | UCQ4153 | ||
| 003 | CL-VaPUC | ||
| 008 | 980904e19740000CU |||||||||||||||||spa|d | ||
| 082 | 0 | 4 | |a 843 |b ZOL |2 21 |
| 100 | 0 | |a Zola, Emile |e author |9 316220 | |
| 245 | 1 | 0 | |a Thérèse Raquin |
| 250 | |a 2a. ed | ||
| 300 | |a 200 p | ||
| 942 | |c BK | ||
| 945 | |d 19980904 00:00:00 |a aarredon | ||
| 260 | |a La Habana |b Arte y Literatura |c 1974 | ||
| 650 | 0 | |a Literatura francesa |9 266330 | |
| 650 | 0 | |a Novela francesa |9 264985 | |
| 583 | |a last modification |c 19980904 00:00:00 |k Rodrigo Vera | ||
| 999 | |c 274600 |d 274598 | ||
| 952 | |0 0 |1 0 |4 0 |6 843_000000000000000_ZOL_1974 |7 0 |8 A |9 310853 |a BIBART |b BIBART |d 2019-11-20 |i 3461386 |o 843 ZOL 1974 |p 3461386 |r 2025-03-13 |w 2019-11-20 |y BK |k ART | ||